Responses for Show #713 - Wednesday, October 14, 1987

Contestants

[<< previous game]

Judi Owens, an elementary school administrator from Bricktown, New Jersey

Suzee Vlk, a writer from San Diego, California

Bob Imsande, a retired business executive originally from St. Louis, Missouri

[next game >>]

Jeopardy! Round responses

LANGUAGES
FOOD
BASKETBALL
F. SCOTT FITZGERALD
HODGEPODGE
"HOUSE"s
    $100 1
ookbay

Suzee!
    $100 14
fat

Suzee!
    $100 22
(Suzee!: What is yellow?)
(Bob: What is red?)

orange

BobSuzee!Judi
    $100 18
St. Paul

Judi
    $100 11
(Alex: Good [*].)

tip

Suzee!
    $100 6
people that live in glass houses

Judi
    $200 2
whistling

Bob
    $200 15
(Suzee!: What is a cow?)

camel

BobSuzee!
    $200 23
Harlem Globetrotters

Judi
    $200 12
(Alex: [After Suzee selects the clue] All right, this will be the last question as part of this round.)

Don Quixote

Bob
    $200 7
[ERRATUM: The correct title is The House of the Seven Gables.]

The House of Seven Gables

Suzee!
    $300 3
shorthand

Bob
    $300 19
round

Triple Stumper
    $300 24
(Suzee!: What is the "Star-Spangled Banner"?)
(Judi: What is a jump shot?)

center jump (jump ball)

Suzee!Judi
Triple Stumper
    $300 13
(Bob: What is a silkworm?)

silk

BobJudi
    $300 8
(Bob: [*].)
(Alex: Remember your phrasing.)

A House is Not a Home

Bob
    $400 4
Babel

Bob
    $400 20
Italy & Spain

Judi
    $400 25
Latvia

Triple Stumper
    $400 16
Library of Congress

Bob
    $500 9
(Bob: [*]...What is [*]?)
(Alex: The entire response, [*] against itself cannot stand.)

A house divided

Bob
    $500 5
Cockney

Bob
    $500 21
(Alex: We've got a minute to go in the round.)

junket

Judi
    $500 26
[The end-of-round signal sounds.]

the lane in front of the basket (free throw lane)

Judi
    $500 17
(Bob: Who is Lyndon Johnson?)

Dwight David Eisenhower

Bob
Triple Stumper
    $500 10
(Suzee!: What is House & Garden?)
(Bob: What is American Home?)
(Judi: What is House Beautiful?)
(Alex: No harm, no foul, all of you lost the same amount.)

Good Housekeeping

BobSuzee!Judi
Triple Stumper

Scores at the first commercial break (after clue 12):

Bob Suzee! Judi
$1,900 -$100 -$400

Scores at the end of the Jeopardy! Round:

Bob Suzee! Judi
$1,600 -$600 $1,400

Double Jeopardy! Round responses

ANCIENT TIMES
THE UNIVERSE
ALASKA
JACK BENNY
KIDDIE LIT
HOTELS
    $200 10
Attila

Suzee!
    $200 13
Saturn

Suzee!
    $200 8
the Russians

Bob
    $200 6
Waukegan

Suzee!
    $200 1
12

Suzee!
    $200 15
Holiday Inn

Bob
    $400 16
Visigoths

Judi
    $400 14
Cosmos

Triple Stumper
    $400 9
income tax

Bob
    $400 7
(Judi: Who is Mary?)
(Alex: Be more specific.)
(Judi: Livingstone.)

Mary Livingstone

Judi
    $400 2
Tales of Mother Goose

Triple Stumper
    $400 17
"Heartbreak Hotel"

Judi
    $600 21
(Bob: What is Cambodia?)

Angkor Wat

Bob
Triple Stumper
    $600 24
(Suzee!: What is 1?)
...
(Alex: You need the cool red giant & the small white one, [*].)

2

Suzee!
Triple Stumper
    $600 11
Aleutians

Suzee!
    $600 26
[The end-of-round signal sounds.]

Rochester

Triple Stumper
    $1,000 3
[ERRATUM: The correct title is "House at Pooh Corner".]

"The House of Pooh Corner"

Suzee!
    $600 18
The Ritz

Suzee!
    $800 22
(Alex: That's right and we've got a minute to go.)

Mexico

Bob
    $800 25
(Bob: What is a white dwarf?)

black hole

BobSuzee!
    $800 12
Prudhoe

Judi
    $800 4
Shel Silverstein

Triple Stumper
    $800 19
(Judi: What is the "Hot L"?)
(Alex: More specific.)
(Judi: Baltimore.)

Hot l Baltimore

Judi
    $1000 23
Aristophanes

Triple Stumper
    $1000 5
Where the Wild Things Are

Triple Stumper
    $1000 20
(Judi: What is Boston?)

Chicago

BobJudi

Scores at the end of the Double Jeopardy! Round:

Bob Suzee! Judi
$2,800 $2,600 $3,200

[wagering suggestions for these scores]

Final Jeopardy! Round responses

THE CABINET
Suzee!What is H.E.W. Health, Education & Welfare?
$0
BobWhat is HEW
$1,500
JudiWhat is HEW?
$2,500
H.U.D. (Housing and Urban Development)

Final scores:

Bob Suzee! Judi
$1,300 $2,600 $700
2nd place: San Diego Design armoire & Hitachi CD player New champion: $2,600 3rd place: Frigidaire washer & dryer

Game dynamics:

Coryat scores:

Bob Suzee! Judi
$2,700 $2,200 $3,200
14 R
(including 1 DD),
6 W
12 R
(including 1 DD),
5 W
13 R,
3 W

Combined Coryat: $8,100

[game clues] [game scores] [suggest correction]

Game tape date: 1987-08-17
The J! Archive is created by fans, for fans. Scraping, republication, monetization, and malicious use prohibited; this site may use cookies and collect identifying information. See terms. The Jeopardy! game show and all elements thereof, including but not limited to copyright and trademark thereto, are the property of Jeopardy Productions, Inc. and are protected under law. This website is not affiliated with, sponsored by, or operated by Jeopardy Productions, Inc. Join the discussion at JBoard.tv.